[Event "14th Varna it"]
[Site "Varna BUL"]
[Date "1975.05.??"]
[Round "9"]
[White "Padevsky, Nikola"]
[Black "Spasov, Luben"]
[Result "1/2-1/2"]
[WhiteElo "2480"]
[BlackElo "2430"]
[EventDate "1975.05.08"]
[PlyCount "46"]

1. e4 c5 2. Nf3 d6 3. d4 Nf6 4. Nc3 cxd4 5. Nxd4 Nc6 6. Bg5 e6 7. Qd2 a6 8.
O-O-O Bd7 9. f4 Be7 10. Nf3 b5 11. Bxf6 Bxf6 12. Qxd6 Be7 13. Qd2 b4 14. Ne2
Ra7 15. Ned4 Qb6 16. Nxc6 Bxc6 17. Qd4 Qc7 18. Ne5 Ba8 19. Bc4 O-O 20. Kb1 a5
21. Rhe1 Bf6 22. Qe3 Bxe5 23. fxe5 a4 1/2-1/2

[Event "14th Varna it"]
[Site "Varna BUL"]
[Date "1975.05.??"]
[Round "9"]
[White "Popov, Luben"]
[Black "Fernandez Bravo, Ciro"]
[Result "0-1"]
[WhiteElo "2460"]
[BlackElo "2290"]
[EventDate "1975.05.08"]
[PlyCount "118"]

1. d4 Nf6 2. c4 g6 3. Nc3 Bg7 4. e4 d6 5. f3 O-O 6. Be3 a6 7. Qd2 b6 8. Rd1 c5
9. d5 Nbd7 10. Nh3 Ne5 11. Nf2 b5 12. cxb5 axb5 13. Bxb5 Qa5 14. O-O Ba6 15.
Bxa6 Qxa6 16. b3 Rfb8 17. Rb1 Qa5 18. Rfc1 Ne8 19. f4 Nd7 20. Nfd1 Nc7 21. a4
Rb4 22. Qc2 Rab8 23. Bd2 Qb6 24. Kh1 Rxb3 25. Nb5 Rxb1 26. Rxb1 Nxb5 27. axb5
Ra8 28. Ne3 Qa7 29. Nc4 Qa4 30. Qd3 Qa2 31. h3 Ra4 32. Rc1 Bb2 33. Nxb2 Qxb2
34. Rb1 Qd4 35. Qxd4 Rxd4 36. Ba5 Ra4 37. Bc3 Rc4 38. Ba5 Rxe4 39. b6 Ra4 40.
Bd2 Ra2 41. Be3 Ra8 42. b7 Rb8 43. Bd2 Nf6 44. Bc3 Nxd5 45. Ra1 Nc7 46. Ra7 Kf8
47. Ba5 Ne8 48. g4 f5 49. Kg2 Kf7 50. Kf3 d5 51. Bb6 c4 52. Bc5 Nc7 53. Bd4 Ke6
54. Be5 Kd7 55. Ke3 Kc6 56. gxf5 gxf5 57. Bxc7 Kxc7 58. Kd4 Rxb7 59. Ra5 e6 0-1

[Event "14th Varna it"]
[Site "Varna BUL"]
[Date "1975.05.??"]
[Round "9"]
[White "Suba, Mihai"]
[Black "Kozma, Julius"]
[Result "1/2-1/2"]
[WhiteElo "2470"]
[BlackElo "2380"]
[EventDate "1975.05.08"]
[PlyCount "84"]

1. c4 Nf6 2. Nc3 e6 3. Nf3 d5 4. d4 Be7 5. Bg5 O-O 6. e3 h6 7. Bxf6 Bxf6 8. Qd2
b6 9. Rc1 Bb7 10. cxd5 exd5 11. Bd3 a6 12. O-O Nd7 13. Bb1 Re8 14. Ne2 c5 15.
dxc5 bxc5 16. b4 c4 17. Nf4 Ne5 18. Nd4 g6 19. Rfd1 Qe7 20. Bc2 Red8 21. Rb1
Nc6 22. g3 Ne5 23. Qe2 Bc8 24. Ba4 Rd6 25. Rd2 g5 26. Ng2 Nd3 27. Qf3 Bxd4 28.
exd4 Qe4 29. Qxe4 dxe4 30. Ne3 Rxd4 31. Bc6 Rb8 32. Nc2 c3 33. Re2 Rd8 34. Bxe4
Be6 35. a3 Nc5 36. Bf3 g4 37. Bg2 Rd2 38. Rxd2 cxd2 39. Ne3 Na4 40. Rd1 Rd8 41.
Nf1 Rd3 42. Rxd2 Rxa3 1/2-1/2

[Event "14th Varna it"]
[Site "Varna BUL"]
[Date "1975.05.??"]
[Round "9"]
[White "Vukic, Milan"]
[Black "Mueller, Klaus"]
[Result "1-0"]
[WhiteElo "2450"]
[BlackElo "2470"]
[EventDate "1975.05.08"]
[PlyCount "143"]

1.Nf3 Nf6 2.g3 d5 3.Bg2 e6 4.c4 Be7 5.O-O O-O 6.d4 c5 7.cxd5 exd5 8.Nc3 
Nc6 9.Bg5 Be6 10.dxc5 Bxc5 11.Bxf6 Qxf6 12.Nxd5 Qxb2 13.Nc7 Rad8 14.Qc1 
Qxc1 15.Raxc1 Bb6 16.Nxe6 fxe6 17.Rc4 h6 18.Re4 Rf6 19.e3 Kf7 20.Rb1 Rd5 
21.Kf1 Ke7 22.Ke2 Kd6 23.Rg4 Rf7 24.Rb2 Ne5 25.Nxe5 Rxe5 26.Rd2+ Kc7 27.
Rg6 Ref5 28.f4 R5f6 29.Rxf6 gxf6 30.Bh3 Re7 31.Kf3 Bc5 32.e4 e5 33.Bf5 
exf4 34.gxf4 Rg7 35.Bg4 b5 36.Rd5 Kb6 37.Rh5 Rh7 38.Be6 a5 39.Rf5 Bd4 40.
Rd5 Bc3 41.Bd7 b4 42.Ba4 Ka6 43.Rh5 Kb6 44.h4 Rh8 45.Bb3 Rh7 46.Kg4 Ra7 
47.Ba4 Rg7+ 48.Kf5 Rg2 49.Bb3 a4 50.Bxa4 Rxa2 51.Bb3 Ra3 52.Bd5 b3 53.Bxb3
Rxb3 54.Rxh6 Kc7 55.h5 Rb5+ 56.Ke6 Rb6+ 57.Kf5 Rb5+ 58.Kg6 Bd2 59.Rh7+ Kd8
60.f5 Rb4 61.h6 Rxe4 62.Rg7 Bxh6 63.Kxh6 Ra4 64.Kg6 Ke8 65.Rb7 Ra6 66.Kg7 
Rc6 67.Rb8+ Ke7 68.Rb1 Ra6 69.Re1+ Kd8 70.Kf7 Kd7 71.Rd1+ Kc7 72.Ke7 1-0

[Event "14th Varna it"]
[Site "Varna BUL"]
[Date "1975.05.??"]
[Round "10"]
[White "Alexandria, Nana"]
[Black "Gurgenidze, Bukhuti"]
[Result "1/2-1/2"]
[WhiteElo "2335"]
[BlackElo "2495"]
[EventDate "1975.05.08"]
[PlyCount "21"]

1. e4 e5 2. Nf3 Nf6 3. Nxe5 d6 4. Nf3 Nxe4 5. Qe2 Qe7 6. d3 Nf6 7. Qxe7+ Bxe7
8. Nc3 Nc6 9. Bf4 Bd7 10. O-O-O O-O-O 11. Be2 1/2-1/2

[Event "14th Varna it"]
[Site "Varna BUL"]
[Date "1975.05.??"]
[Round "10"]
[White "Angelov, Kosta"]
[Black "Kozma, Julius"]
[Result "1/2-1/2"]
[WhiteElo "2325"]
[BlackElo "2380"]
[EventDate "1975.05.08"]
[PlyCount "73"]

1. e4 c6 2. d4 d5 3. exd5 cxd5 4. c4 Nf6 5. Nc3 Nc6 6. Bg5 e6 7. c5 Bd7 8. Bb5
b6 9. Bxc6 Bxc6 10. b4 bxc5 11. bxc5 Bxc5 12. dxc5 d4 13. Nce2 Bxg2 14. Ng3
Bxh1 15. Nxh1 Qd5 16. Nf3 Nd7 17. Ng3 Ne5 18. Ng1 O-O 19. Kf1 Rfb8 20. Bf4 Qxc5
21. Qe2 f6 22. Rc1 Qd5 23. Bxe5 Qxe5 24. Qxe5 fxe5 25. Nf3 Rb2 26. Nxe5 Rxa2
27. Rc7 Rf8 28. Ne4 a5 29. Nd7 Ra8 30. Ne5 h6 31. Nd7 d3 32. Ndf6+ gxf6 33.
Nxf6+ Kf8 34. Rd7 Ra1+ 35. Kg2 Ra7 36. Rxa7 d2 37. Rd7 1/2-1/2

[Event "14th Varna it"]
[Site "Varna BUL"]
[Date "1975.05.??"]
[Round "10"]
[White "Fernandez Bravo, Ciro"]
[Black "Ermenkov, Evgeny"]
[Result "1/2-1/2"]
[WhiteElo "2290"]
[BlackElo "2430"]
[EventDate "1975.05.08"]
[PlyCount "39"]

1. Nf3 Nf6 2. c4 d6 3. d4 g6 4. Nc3 Bg7 5. e4 O-O 6. Be2 Nbd7 7. O-O e5 8. Re1
c6 9. Rb1 a5 10. Bf1 exd4 11. Nxd4 Ng4 12. h3 Qb6 13. hxg4 Bxd4 14. Be3 Bxe3
15. Rxe3 Ne5 16. Qxd6 Nxg4 17. c5 Qd8 18. Rd3 Qh4 19. Qf4 Be6 20. Be2 1/2-1/2

[Event "14th Varna it"]
[Site "Varna BUL"]
[Date "1975.05.??"]
[Round "10"]
[White "Lengyel, Levente"]
[Black "Padevsky, Nikola"]
[Result "1/2-1/2"]
[WhiteElo "2410"]
[BlackElo "2480"]
[EventDate "1975.05.08"]
[PlyCount "26"]

1. c4 Nf6 2. d4 e6 3. Nf3 b6 4. g3 Bb7 5. Bg2 Be7 6. O-O O-O 7. Nc3 Ne4 8. Nxe4
Bxe4 9. Ne1 Bxg2 10. Nxg2 d5 11. Qa4 dxc4 12. Qxc4 c5 13. dxc5 Bxc5 1/2-1/2

[Event "14th Varna it"]
[Site "Varna BUL"]
[Date "1975.05.??"]
[Round "10"]
[White "Mueller, Klaus"]
[Black "Popov, Luben"]
[Result "0-1"]
[WhiteElo "2470"]
[BlackElo "2460"]
[EventDate "1975.05.08"]
[PlyCount "130"]

1. e4 c5 2. Nf3 e6 3. c3 d5 4. exd5 Qxd5 5. d4 Nf6 6. Be2 Nc6 7. Na3 cxd4 8.
Nb5 Qd8 9. Nbxd4 Nxd4 10. Nxd4 Be7 11. O-O O-O 12. Bf4 Nd5 13. Bg3 Bd6 14. Bxd6
Qxd6 15. Bf3 Nf6 16. Re1 a6 17. Qe2 Qb6 18. Rad1 Bd7 19. c4 Rac8 20. b3 Rfe8
21. Nc2 Bc6 22. Bxc6 Qxc6 23. Rd2 Red8 24. Red1 Rxd2 25. Qxd2 h6 26. h3 Kf8 27.
Ne3 Ke8 28. b4 b6 29. Qd4 Qc7 30. a4 Rd8 31. Qa1 Rxd1+ 32. Qxd1 Nd7 33. g3 Qe5
34. Qc2 f5 35. Qa2 g5 36. c5 bxc5 37. b5 axb5 38. axb5 f4 39. gxf4 gxf4 40. Nc4
Qg5+ 41. Kh2 Qd5 42. Qc2 Ne5 43. Nxe5 Qxe5 44. Qg6+ Kd8 45. Qg8+ Kc7 46. h4 f3+
47. Kh3 Qf5+ 48. Kh2 h5 49. Qg5 Kb6 50. Qd8+ Kxb5 51. Qd7+ Kb4 52. Qd2+ Kb3 53.
Qd1+ Kc3 54. Qa1+ Kd3 55. Qd1+ Ke4 56. Qb1+ Ke5 57. Qb8+ Kd5 58. Qa8+ Kd6 59.
Qd8+ Kc6 60. Qc8+ Kb5 61. Qb7+ Ka4 62. Qa6+ Kb3 63. Qb5+ Kc2 64. Qc4+ Kd2 65.
Kg3 Qd5 0-1

[Event "14th Varna it"]
[Site "Varna BUL"]
[Date "1975.05.??"]
[Round "10"]
[White "Spasov, Luben"]
[Black "Suba, Mihai"]
[Result "1-0"]
[WhiteElo "2430"]
[BlackElo "2470"]
[EventDate "1975.05.08"]
[PlyCount "86"]

1. d4 Nf6 2. c4 g6 3. Nf3 Bg7 4. g3 O-O 5. Bg2 d6 6. O-O Nbd7 7. Nc3 e5 8. e4
c6 9. h3 Re8 10. Re1 exd4 11. Nxd4 a5 12. Rb1 Nc5 13. Bf4 Be6 14. b3 Qc7 15. a3
Nfd7 16. Be3 Nb6 17. Qc2 a4 18. Nxe6 Nxe6 19. Ne2 axb3 20. Qxb3 Nd7 21. Qxb7
Qxb7 22. Rxb7 Ne5 23. Rd1 Rxa3 24. Nf4 Nxc4 25. Nxe6 fxe6 26. Bf4 Rea8 27. Bf1
Na5 28. Rc7 d5 29. h4 Ra4 30. exd5 exd5 31. Re1 Re4 32. Rxe4 dxe4 33. Re7 Bd4
34. h5 Ra7 35. Rxe4 c5 36. h6 Kf7 37. Bg5 Rb7 38. Bh3 Nc6 39. Be6+ Kf8 40. Bd5
Rb1+ 41. Kg2 Ne5 42. Bf4 Nf7 43. Bc6 Nh8 1-0

[Event "14th Varna it"]
[Site "Varna BUL"]
[Date "1975.05.??"]
[Round "10"]
[White "Szymczak, Zbigniew"]
[Black "Vukic, Milan"]
[Result "0-1"]
[WhiteElo "2390"]
[BlackElo "2450"]
[EventDate "1975.05.08"]
[PlyCount "96"]

1. Nf3 Nf6 2. c4 g6 3. g3 Bg7 4. Bg2 O-O 5. O-O d6 6. d4 c6 7. Nc3 Qa5 8. h3
Be6 9. d5 cxd5 10. Nd4 Bd7 11. cxd5 Rc8 12. a3 Qd8 13. Qd3 a5 14. b3 Na6 15.
Bb2 Qb6 16. Rab1 Nc5 17. Qd1 Be8 18. Ba1 Nfd7 19. Qd2 Na6 20. Na4 Qd8 21. Rfc1
Rxc1+ 22. Rxc1 Nb6 23. Nc3 Nc5 24. Ne4 Nxe4 25. Bxe4 a4 26. b4 Rc8 27. Kg2 Rc7
28. Rc2 Qc8 29. Qc1 Rxc2 30. Qxc2 Qxc2 31. Nxc2 Bxa1 32. Nxa1 f5 33. Bf3 Bf7
34. Nc2 Bxd5 35. Bxd5+ Nxd5 36. Kf3 Nc3 37. Ke3 Nb5 38. Kd3 d5 39. f3 Kf7 40.
e4 e6 41. exd5 exd5 42. f4 Kf6 43. h4 Ke7 44. Ke3 Kd6 45. Kd3 b6 46. Ke3 d4+
47. Nxd4 Nxd4 48. Kxd4 b5 0-1

[Event "14th Varna it"]
[Site "Varna BUL"]
[Date "1975.05.??"]
[Round "11"]
[White "Ermenkov, Evgeny"]
[Black "Mueller, Klaus"]
[Result "1/2-1/2"]
[WhiteElo "2430"]
[BlackElo "2470"]
[EventDate "1975.05.08"]
[PlyCount "81"]

1.e4 g6 2.d4 Bg7 3.c4 d6 4.Nc3 Nd7 5.Nf3 Ngf6 6.Be2 O-O 7.O-O e5 8.Re1 
exd4 9.Nxd4 Nc5 10.Bf1 Re8 11.f3 a5 12.Ndb5 Be6 13.Bg5 h6 14.Be3 b6 15.Qd2
Kh7 16.b3 Ng8 17.Rad1 f5 18.exf5 Bxf5 19.Bd4 Rxe1 20.Rxe1 Qd7 21.Nd5 Rc8 
22.Kh1 Be6 23.Nf4 Bf7 24.Bxg7 Kxg7 25.g3 Re8 26.Bh3 Rxe1+ 27.Qxe1 Qd8 28.
Be6 Be8 29.Nxc7 Nf6 30.Nfd5 Bc6 31.Bh3 Bxd5 32.Nxd5 Nxd5 33.cxd5 Qf6 34.
Qe2 Qe5 35.Qd2 Qa1+ 36.Kg2 Qb1 37.Be6 Qa1 38.Qf4 Qb2+ 39.Kh3 Nxe6 40.dxe6 
Qf6 41.Qxf6+ 1/2-1/2

[Event "14th Varna it"]
[Site "Varna BUL"]
[Date "1975.05.??"]
[Round "11"]
[White "Gurgenidze, Bukhuti"]
[Black "Angelov, Kosta"]
[Result "1-0"]
[WhiteElo "2495"]
[BlackElo "2325"]
[EventDate "1975.05.08"]
[PlyCount "191"]

1. e4 d5 2. exd5 Nf6 3. c4 c6 4. Nc3 cxd5 5. cxd5 g6 6. d4 Bg7 7. Bb5+ Nbd7 8.
d6 exd6 9. Qe2+ Qe7 10. Bf4 Qxe2+ 11. Ngxe2 d5 12. Bd6 a6 13. Bd3 Bf8 14. Bc7
Bb4 15. a3 Bxc3+ 16. Nxc3 O-O 17. O-O b5 18. Rfe1 Bb7 19. f3 Rfe8 20. Kf2 Rxe1
21. Rxe1 Re8 22. Ne2 Re6 23. Rc1 Rc6 24. Rxc6 Bxc6 25. Nc1 Ne8 26. Bf4 Nb6 27.
Nb3 Na4 28. Bc1 Nc7 29. Na5 Bd7 30. b3 Nb6 31. Bg5 Ne6 32. Bf6 Kf8 33. Ke3 Be8
34. Bh4 f5 35. Bg3 Ke7 36. h4 Nc8 37. Be5 Na7 38. g4 fxg4 39. fxg4 Nc6 40.
Nxc6+ Bxc6 41. Bg3 Be8 42. Be1 Kd6 43. Bb4+ Kc6 44. a4 Kb6 45. axb5 axb5 46.
Be7 Kc6 47. Bf6 Kb6 48. g5 Kc6 49. h5 Kb6 50. h6 Kc6 51. Be2 Kd6 52. Bf3 Bc6
53. Kd2 b4 54. Be2 Bd7 55. Ke3 Bc6 56. Be5+ Ke7 57. Bg3 Ke8 58. Bh4 Ke7 59. Ba6
Kd6 60. Be1 Nxg5 61. Bxb4+ Kc7 62. Kf4 Nf7 63. Bf8 Bb7 64. Bd3 Bc6 65. Ke3 Kb6
66. Bf1 Bd7 67. Bg2 Be6 68. Kd2 Kb5 69. Kc3 Ng5 70. Be7 Nf7 71. Bf1+ Kb6 72.
Bc5+ Kc6 73. Bf8 Ng5 74. Kb4 Ne4 75. Bb5+ Kb6 76. Be7 g5 77. Bd8+ Kb7 78. Bf1
Kc8 79. Ba5 g4 80. Bg2 Kd7 81. Kb5 Nd6+ 82. Kc5 g3 83. Be1 Ne4+ 84. Kb6 Bf7 85.
b4 Nd6 86. Bxg3 Nf5 87. Be5 Nxh6 88. b5 Nf5 89. Bh3 Be6 90. Bxf5 Bxf5 91. Ka7
Ke8 92. b6 Bc8 93. b7 Bxb7 94. Kxb7 Kd7 95. Kb6 Ke6 96. Kc5 1-0

[Event "14th Varna it"]
[Site "Varna BUL"]
[Date "1975.05.??"]
[Round "11"]
[White "Kozma, Julius"]
[Black "Spasov, Luben"]
[Result "1/2-1/2"]
[WhiteElo "2380"]
[BlackElo "2430"]
[EventDate "1975.05.08"]
[PlyCount "56"]

1. Nf3 Nf6 2. c4 c5 3. Nc3 e6 4. e3 d5 5. d4 Nc6 6. a3 Ne4 7. Qc2 Nxc3 8. bxc3
Be7 9. Bb2 dxc4 10. Bxc4 O-O 11. Bd3 h6 12. O-O b6 13. Rad1 Qc7 14. e4 Na5 15.
Qe2 Bb7 16. Ne5 Bd6 17. f4 Rac8 18. Ng4 f5 19. exf5 exf5 20. Qe6+ Qf7 21. Bxf5
Rce8 22. Qxf7+ Kxf7 23. Ne5+ Kg8 24. Bd7 Re7 25. Bg4 Rfe8 26. Bh5 Rc8 27. Bg4
Rce8 28. Bh5 Rc8 1/2-1/2

[Event "14th Varna it"]
[Site "Varna BUL"]
[Date "1975.05.??"]
[Round "11"]
[White "Padevsky, Nikola"]
[Black "Fernandez Bravo, Ciro"]
[Result "1-0"]
[WhiteElo "2480"]
[BlackElo "2290"]
[EventDate "1975.05.08"]
[PlyCount "71"]

1.c4 Nf6 2.Nc3 c5 3.g3 e6 4.Nf3 d5 5.cxd5 Nxd5 6.Bg2 Nc6 7.O-O Be7 8.d3 
O-O 9.Nxd5 exd5 10.a3 Re8 11.Qc2 Bg4 12.e3 Qd7 13.b3 Qf5 14.Ne1 Bd6 15.Ra2
Qh5 16.f3 Be6 17.f4 a5 18.Rb2 Rac8 19.Bf3 Qh3 20.Qd1 d4 21.e4 f5 22.Bg2 
Qh6 23.Nf3 Qh5 24.Ng5 Qxd1 25.Rxd1 fxe4 26.Bxe4 Kh8 27.Nxe6 Rxe6 28.Bf5 
Rce8 29.Bxe6 Rxe6 30.Kf2 Kg8 31.Re2 Rxe2+ 32.Kxe2 Ne7 33.Kf3 Nd5 34.Bd2 b6
35.Re1 Kf7 36.f5 1-0

[Event "14th Varna it"]
[Site "Varna BUL"]
[Date "1975.05.??"]
[Round "11"]
[White "Popov, Luben"]
[Black "Szymczak, Zbigniew"]
[Result "1/2-1/2"]
[WhiteElo "2460"]
[BlackElo "2390"]
[EventDate "1975.05.08"]
[PlyCount "40"]

1. d4 Nf6 2. c4 g6 3. Nc3 d5 4. cxd5 Nxd5 5. Qb3 Nxc3 6. bxc3 Bg7 7. Ba3 O-O 8.
Rd1 Nd7 9. Nf3 c5 10. e3 Qc7 11. Be2 b6 12. O-O e6 13. Rfe1 Bb7 14. Bf1 Nf6 15.
Ne5 Rfd8 16. f3 Rac8 17. Rc1 Nd7 18. Ng4 Nf6 19. Ne5 Nd7 20. Ng4 Nf6 1/2-1/2

[Event "14th Varna it"]
[Site "Varna BUL"]
[Date "1975.05.??"]
[Round "11"]
[White "Suba, Mihai"]
[Black "Lengyel, Levente"]
[Result "1-0"]
[WhiteElo "2470"]
[BlackElo "2410"]
[EventDate "1975.05.08"]
[PlyCount "109"]

1. Nc3 c5 2. Nf3 d5 3. e4 d4 4. Ne2 Nc6 5. d3 e5 6. g3 g6 7. Bg2 Bg7 8. O-O
Nge7 9. Nd2 O-O 10. f4 f6 11. a4 Be6 12. b3 Qd7 13. Nc4 Rab8 14. Bd2 b6 15. Kh1
a6 16. fxe5 fxe5 17. Rxf8+ Bxf8 18. Ng1 b5 19. Nb2 h6 20. h4 Kh7 21. Kh2 Ng8
22. Bh3 Nf6 23. Bxe6 Qxe6 24. axb5 axb5 25. Qe2 Nb4 26. Bxb4 cxb4 27. Nd1 Ng4+
28. Kg2 Bc5 29. Ra5 g5 30. Nf3 Be7 31. Ra7 Kh8 32. hxg5 hxg5 33. Nh2 Nf6 34.
Nf2 Rg8 35. Nhg4 Nd7 36. Qd1 Kg7 37. Qa1 Rc8 38. Qa2 Bc5 39. Ra8 Qc6 40. Rxc8
Qxc8 41. Qa5 Qb8 42. Qa6 Bd6 43. Qc6 Nf8 44. Nh3 Qc7 45. Qxc7+ Bxc7 46. Nxg5
Kg6 47. Nf3 Nd7 48. Nf2 Bd8 49. Kh3 Kh5 50. Ng4 Bc7 51. Nh4 Kg5 52. Nh2 Nf6 53.
N2f3+ Kh5 54. Nf5 Bb8 55. g4+ 1-0

[Event "14th Varna it"]
[Site "Varna BUL"]
[Date "1975.05.??"]
[Round "11"]
[White "Vukic, Milan"]
[Black "Alexandria, Nana"]
[Result "1-0"]
[WhiteElo "2450"]
[BlackElo "2335"]
[EventDate "1975.05.08"]
[PlyCount "91"]

1.Nf3 c5 2.c4 Nf6 3.g3 g6 4.Bg2 Bg7 5.O-O O-O 6.Nc3 Nc6 7.d4 cxd4 8.Nxd4 
Qa5 9.Nb3 Qb4 10.c5 a5 11.Bd2 a4 12.Nd5 Qg4 13.Nb6 Ra6 14.Nxc8 Rxc8 15.Nc1
Qc4 16.Nd3 b6 17.Rc1 Qb5 18.cxb6 Qxb6 19.Nc5 Raa8 20.Nxa4 Qa6 21.b3 Rab8 
22.Re1 d5 23.Bf4 e5 24.Bg5 Rd8 25.Qd2 Nd4 26.e3 Nf5 27.Rc7 e4 28.Qc1 Rbc8 
29.Bf1 Qe6 30.Nb6 Rxc7 31.Qxc7 Rd6 32.Na4 Rc6 33.Qd8+ Ne8 34.Bb5 Rc8 35.
Bd7 Rxd8 36.Bxe6 Rd6 37.Bxf5 gxf5 38.Rc1 d4 39.exd4 Bxd4 40.Rc8 Kf8 41.Bc1
Re6 42.Nc5 Re7 43.Bh6+ Kg8 44.Nb7 Be5 45.Na5 Re6 46.Nc6 1-0

[Event "14th Varna it"]
[Site "Varna BUL"]
[Date "1975.05.??"]
[Round "12"]
[White "Alexandria, Nana"]
[Black "Popov, Luben"]
[Result "0-1"]
[WhiteElo "2335"]
[BlackElo "2460"]
[EventDate "1975.05.08"]
[PlyCount "82"]

1. e4 c5 2. Nf3 e6 3. d4 cxd4 4. Nxd4 a6 5. Nc3 b5 6. Bd3 Ne7 7. O-O Nec6 8.
Nb3 d6 9. f4 Nd7 10. Qf3 Qc7 11. Bd2 Be7 12. Rae1 Nb6 13. Qg3 g6 14. e5 d5 15.
Ne2 Nc4 16. Bc1 Qb6+ 17. Kh1 a5 18. c3 Bd7 19. Nbd4 Nxd4 20. Nxd4 b4 21. b3 Na3
22. f5 gxf5 23. Bb2 O-O-O 24. Rc1 Kb8 25. h3 Rhg8 26. Qf2 Rc8 27. cxb4 axb4 28.
Rxc8+ Rxc8 29. Qf4 Bb5 30. Nxb5 Nxb5 31. g4 fxg4 32. Qxf7 Qe3 33. Qxh7 Bh4 34.
hxg4 Qh3+ 35. Kg1 Qxg4+ 36. Kh1 Nc7 37. Qg6 Qh3+ 38. Kg1 Qe3+ 39. Kh1 Rh8 40.
Rf7 Qh3+ 41. Kg1 Qe3+ 0-1

[Event "14th Varna it"]
[Site "Varna BUL"]
[Date "1975.05.??"]
[Round "12"]
[White "Angelov, Kosta"]
[Black "Spasov, Luben"]
[Result "0-1"]
[WhiteElo "2325"]
[BlackElo "2430"]
[EventDate "1975.05.08"]
[PlyCount "100"]

1. e4 c5 2. d4 cxd4 3. c3 Nf6 4. e5 Nd5 5. Qxd4 e6 6. Bc4 Nc6 7. Qe4 d6 8. exd6
Nf6 9. Qe2 Bxd6 10. Nf3 O-O 11. Bg5 Be7 12. O-O b6 13. Nbd2 Bb7 14. Rad1 Qc7
15. Bxf6 Bxf6 16. Ne4 Be7 17. Bd3 Qf4 18. Ng3 Rfd8 19. Rfe1 Rac8 20. h3 g6 21.
Qf1 Rc7 22. Ne2 Qa4 23. Ned4 Nxd4 24. Nxd4 Qxa2 25. Nb5 Rcd7 26. b4 Qd5 27.
Nxa7 Qxg2+ 28. Qxg2 Bxg2 29. Kxg2 Rxd3 30. Rxd3 Rxd3 31. Nc6 Bd6 32. c4 Rb3 33.
b5 Rc3 34. Rd1 Bc5 35. Rd8+ Kg7 36. Ne5 Rc2 37. Nd3 Rxc4 38. Rd7 Bd4 39. Kf3 e5
40. Ke2 Kf6 41. f4 Ke6 42. Rb7 e4 43. Ne5 Rc2+ 44. Kd1 Rb2 45. Nxf7 h6 46. Nd8+
Kd5 47. Rd7+ Kc4 48. Nc6 Bc5 49. Ne5+ Kxb5 50. Rd2 Rb1+ 0-1

[Event "14th Varna it"]
[Site "Varna BUL"]
[Date "1975.05.??"]
[Round "12"]
[White "Fernandez Bravo, Ciro"]
[Black "Suba, Mihai"]
[Result "1/2-1/2"]
[WhiteElo "2290"]
[BlackElo "2470"]
[EventDate "1975.05.08"]
[PlyCount "22"]

1. Nf3 Nf6 2. c4 c5 3. Nc3 d5 4. cxd5 Nxd5 5. g3 g6 6. Bg2 Bg7 7. Nxd5 Qxd5 8.
d3 Nc6 9. O-O Qd6 10. a3 O-O 11. Qa4 h6 1/2-1/2

[Event "14th Varna it"]
[Site "Varna BUL"]
[Date "1975.05.??"]
[Round "12"]
[White "Gurgenidze, Bukhuti"]
[Black "Vukic, Milan"]
[Result "1/2-1/2"]
[WhiteElo "2495"]
[BlackElo "2450"]
[EventDate "1975.05.08"]
[PlyCount "47"]

1. e4 c6 2. b3 d5 3. Bb2 dxe4 4. Nc3 Nf6 5. Nge2 Bf5 6. Ng3 Bg6 7. Qe2 Nbd7 8.
h4 h6 9. h5 Bh7 10. Ngxe4 e6 11. g3 Be7 12. Bg2 Qc7 13. d3 Bf5 14. Kf1 Qa5 15.
a3 Bg4 16. Bf3 Qf5 17. Bxg4 Qxg4 18. f3 Qf5 19. Qf2 Nxe4 20. Nxe4 Nf6 21. Kg2
Qa5 22. b4 Qc7 23. Bd4 b6 24. Rae1 1/2-1/2

[Event "14th Varna it"]
[Site "Varna BUL"]
[Date "1975.05.??"]
[Round "12"]
[White "Lengyel, Levente"]
[Black "Kozma, Julius"]
[Result "1/2-1/2"]
[WhiteElo "2410"]
[BlackElo "2380"]
[EventDate "1975.05.08"]
[PlyCount "31"]

1. d4 d5 2. c4 e6 3. Nc3 Be7 4. Nf3 Nf6 5. Bg5 O-O 6. e3 h6 7. Bh4 b6 8. Bd3
Bb7 9. O-O dxc4 10. Bxc4 Ne4 11. Bxe7 Qxe7 12. Rc1 Nxc3 13. Rxc3 Nd7 14. Qe2 c5
15. Rd1 cxd4 16. Nxd4 1/2-1/2

[Event "14th Varna it"]
[Site "Varna BUL"]
[Date "1975.05.??"]
[Round "12"]
[White "Mueller, Klaus"]
[Black "Padevsky, Nikola"]
[Result "0-1"]
[WhiteElo "2470"]
[BlackElo "2480"]
[EventDate "1975.05.08"]
[PlyCount "96"]

1. e4 c5 2. Nf3 Nc6 3. c3 Nf6 4. e5 Nd5 5. d4 cxd4 6. cxd4 d6 7. Nc3 e6 8. exd6
Bxd6 9. Bd3 Nf4 10. Bxf4 Bxf4 11. Qe2 Ne7 12. Bb5+ Kf8 13. O-O Bd7 14. Rad1 Bc6
15. Rfe1 Bd5 16. g3 Bc7 17. Ng5 g6 18. h4 Nf5 19. Nxd5 exd5 20. Qf3 Kg7 21. g4
Nh6 22. Re3 Rf8 23. Rde1 Bd6 24. Bf1 Ng8 25. Bg2 Nf6 26. h5 h6 27. Nh3 Ne4 28.
Rxe4 dxe4 29. Rxe4 g5 30. Bf1 Qf6 31. Qe3 Rac8 32. Bd3 Rc7 33. f4 gxf4 34. Nxf4
Qg5 35. Qf3 Bxf4 36. Rxf4 Re8 37. Kg2 Re1 38. Bc4 Ree7 39. d5 Qe5 40. Kh3 Rcd7
41. g5 hxg5 42. Rf5 Qd4 43. Rxg5+ Kh6 44. Qf5 Rd6 45. Bd3 Re3+ 46. Rg3 Rxg3+
47. Kxg3 Rxd5 48. Qh7+ Kg5 0-1

[Event "14th Varna it"]
[Site "Varna BUL"]
[Date "1975.05.??"]
[Round "12"]
[White "Szymczak, Zbigniew"]
[Black "Ermenkov, Evgeny"]
[Result "1-0"]
[WhiteElo "2390"]
[BlackElo "2430"]
[EventDate "1975.05.08"]
[PlyCount "49"]

1. Nf3 g6 2. c4 Bg7 3. d4 d6 4. Nc3 Nc6 5. d5 Ne5 6. Nxe5 dxe5 7. e4 e6 8. Be2
Ne7 9. O-O O-O 10. Be3 f5 11. f3 exd5 12. cxd5 Kh8 13. Qb3 f4 14. Bf2 g5 15.
Rac1 a6 16. Na4 Rf6 17. Qc3 Rh6 18. Qxc7 Qe8 19. Nb6 Qh5 20. h4 Rxb6 21. Qxb6
Ng8 22. d6 Be6 23. d7 Bf6 24. Qd6 g4 25. Qxe6 1-0

[Event "14th Varna it"]
[Site "Varna BUL"]
[Date "1975.05.??"]
[Round "13"]
[White "Ermenkov, Evgeny"]
[Black "Alexandria, Nana"]
[Result "1-0"]
[WhiteElo "2430"]
[BlackElo "2335"]
[EventDate "1975.05.08"]
[PlyCount "95"]

1. e4 c5 2. Nf3 Nc6 3. d4 cxd4 4. Nxd4 Nf6 5. Nc3 d6 6. Bc4 e6 7. Bb3 Be7 8.
Be3 a6 9. Qe2 Qc7 10. O-O-O Na5 11. g4 b5 12. g5 Nxb3+ 13. axb3 Nd7 14. h4 Bb7
15. b4 Nb6 16. h5 Na4 17. Nxa4 bxa4 18. g6 Bf6 19. gxf7+ Kxf7 20. h6 g6 21. e5
Bxe5 22. Nf3 Bf6 23. Rh3 Rhe8 24. Bg5 Bh8 25. Bf4 Rad8 26. Ng5+ Kg8 27. Kb1 e5
28. Rc3 Qe7 29. Bc1 d5 30. Rc5 Bf6 31. Rg1 Rc8 32. Qg4 Rxc5 33. bxc5 e4 34. Bf4
Bc8 35. Qg3 Bf5 36. Qa3 Rc8 37. Bd6 Qb7 38. Rg3 Kh8 39. c6 Qxc6 40. Rc3 Qe8 41.
Rxc8 Bxc8 42. Qc5 Be6 43. Qc7 Bg8 44. Bf4 a3 45. b3 a5 46. Ka2 a4 47. b4 Qb5
48. Be5 1-0

[Event "14th Varna it"]
[Site "Varna BUL"]
[Date "1975.05.??"]
[Round "13"]
[White "Padevsky, Nikola"]
[Black "Szymczak, Zbigniew"]
[Result "1-0"]
[WhiteElo "2480"]
[BlackElo "2390"]
[EventDate "1975.05.08"]
[PlyCount "81"]

1. e4 e5 2. Nf3 Nc6 3. Bb5 f5 4. d3 fxe4 5. dxe4 Nf6 6. O-O d6 7. Nc3 Be7 8. h3
O-O 9. Be3 Kh8 10. Re1 Be6 11. Bf1 Qe8 12. Nd5 Bd8 13. Nxf6 Bxf6 14. g3 Qh5 15.
Nd2 Qxd1 16. Rexd1 Rfd8 17. c3 Ne7 18. f3 c6 19. h4 g6 20. Nb3 b6 21. Rd2 Rd7
22. Rad1 Rad8 23. Kh2 Kg7 24. Bh3 Kf7 25. Bxe6+ Kxe6 26. a4 Nc8 27. Kg2 h5 28.
Re1 Rf8 29. Rde2 Rdf7 30. Nd2 Bd8 31. Rf1 Kd7 32. Kh3 Ke6 33. Rg2 Rg8 34. b4 a6
35. f4 d5 36. Re1 dxe4 37. fxe5 Kxe5 38. Bf4+ Kd5 39. Rxe4 c5 40. b5 axb5 41.
axb5 1-0

[Event "14th Varna it"]
[Site "Varna BUL"]
[Date "1975.05.??"]
[Round "13"]
[White "Popov, Luben"]
[Black "Gurgenidze, Bukhuti"]
[Result "1/2-1/2"]
[WhiteElo "2460"]
[BlackElo "2495"]
[EventDate "1975.05.08"]
[PlyCount "29"]

1. d4 g6 2. c4 d6 3. Nc3 Nc6 4. Nf3 Bg7 5. d5 Ne5 6. Nxe5 Bxe5 7. e4 Nf6 8. Bd3
O-O 9. O-O e6 10. h3 Nh5 11. Bh6 Bg7 12. Bxg7 Kxg7 13. f4 e5 14. f5 Qg5 15. Qf3
1/2-1/2

[Event "14th Varna it"]
[Site "Varna BUL"]
[Date "1975.05.??"]
[Round "13"]
[White "Suba, Mihai"]
[Black "Mueller, Klaus"]
[Result "1-0"]
[WhiteElo "2470"]
[BlackElo "2470"]
[EventDate "1975.05.08"]
[PlyCount "61"]

1.c4 e6 2.Nc3 d5 3.d4 c5 4.cxd5 exd5 5.Nf3 Nc6 6.g3 Nf6 7.Bg2 Be7 8.O-O 
O-O 9.Bg5 cxd4 10.Nxd4 h6 11.Be3 Ne5 12.Qa4 Nc4 13.Nxd5 Nxd5 14.Qxc4 Nxe3 
15.fxe3 Bg5 16.Rad1 Bxe3+ 17.Kh1 Qe7 18.Bd5 Bg5 19.e4 Bh3 20.Nf5 Qe5 21.
Rf2 Rac8 22.Qe2 Rc7 23.Qh5 Bxf5 24.Rxf5 Qxb2 25.Rdf1 Qd4 26.Rxf7 Rfxf7 27.
Rxf7 Rc1+ 28.Kg2 Kh7 29.Rf8 Qg1+ 30.Kh3 Rc8 31.Bg8+ 1-0